| 000 | 01460nam a22003737a 4500 | ||
|---|---|---|---|
| 003 | CHAP | ||
| 005 | 20220329140851.0 | ||
| 008 | 971013s1979 r 00010 d | ||
| 010 | _a58930 | ||
| 011 | _a59902 | ||
| 035 | _a64062 | ||
| 040 | _cCHAP | ||
| 090 | _aTesis | ||
| 100 | 0 | 0 |
_aAguilar Resendez, Isaias. _92820 |
| 245 | _aRespuesta de 240 progenies de maíz (Zea mays L.) variedad NLVS-30 a la fertilización foliar nitrogenada y prueba de rendimiento de dos variedades, cuatro tratamientos de fertilización foliar y dos épocas de despunte, en Apodaca, N. L. | ||
| 260 |
_aMonterrey, N. L. : _bEl autor, _c1979 |
||
| 300 |
_a52 h. _b; gráafs. |
||
| 502 | _aTesis (M. C. Esp. en Fitomejoramiento) -- ITESM. División de Ciencias Agropecuarias Marítimas | ||
| 590 |
_aALEPH _b10 _c20130110 _lUCH01 _h1337 |
||
| 590 |
_aBATCH-UPD _b10 _c20130110 _lUCH01 _h0304 |
||
| 590 |
_aBATCH-UPD _b10 _c20130110 _lUCH01 _h1707 |
||
| 590 |
_aBATCH-UPD _b10 _c20130409 _lUCH01 _h2336 |
||
| 590 |
_aBATCH-UPD _b10 _c20130410 _lUCH01 _h1405 |
||
| 590 |
_aBATCH-UPD _b10 _c20130914 _lUCH01 _h1359 |
||
| 590 |
_aCONVERSION _b10 _c20130109 _lUCH01 _h1332 |
||
| 650 | 1 | 4 |
_aFertilización foliar. _940445 |
| 650 | 1 | 4 |
_aFertilizantes _xEfecto en maíz. _940527 |
| 650 | 1 | 4 |
_aMaíz _xNuevo León. _971029 |
| 650 | 1 | 4 |
_aMaíz _xRendimiento. _971051 |
| 650 | 1 | 4 |
_aNitrógeno _xEfecto en maíz. _981447 |
| 901 | _aBK | ||
| 942 | _cTESIS | ||
| 949 |
_bBC _cTES _d-139095 _eTS1 _i64062 _si |
||
| 999 |
_c58930 _d58930 |
||